000 00510nam a2200181Ia 4500
008 240729s9999 xx 000 0 und d
022 _a2090-6617
245 0 _aCase Reports in Immunology
260 _aUnited Kingdom
260 _bHindawi Limited
650 _a Immunologic diseases. Allergy
650 _a Internal medicine
650 _a Specialties of internal medicine
650 _aMedicine
856 _uhttps://doaj.org/toc/077209493e964cdc94288b3890187a1e
942 _2ddc
942 _cDOAJEJ
999 _c71679
_d71679
945 _a1
_bMadushi Gamage
_c1
_dMadushi Gamage